[Event "DEM U14 2025"]
[Site "Willingen GER"]
[Date "2025.06.12"]
[Round "7"]
[White "Haustein, Henry"]
[Black "Houben, Maximilian"]
[Result "0-1"]
[Termination "normal"]
[Board "14"]
[WhiteElo "1683"]
[BlackElo "1839"]
[WhiteClock "00:09:42"]
[BlackClock "00:48:12"]
[PlyCount "64"]
[WhiteFideId "533043817"]
[BlackFideId "34632760"]
[EventCountry "GER"]
[EventRounds "9"]
[EventType "swiss"]
[EventDate "2025.06.07"]

1. e4 {[%clk 01:30:56]} {[%emt 00:00:03]} c6 {[%clk 01:30:55]} {[%emt
00:00:06]} 2. d4 {[%clk 01:30:39]} {[%emt 00:00:47]} d5 {[%clk 01:31:03]}
{[%emt 00:00:22]} 3. exd5 {[%clk 01:31:04]} {[%emt 00:00:06]} cxd5 {[%clk
01:31:28]} {[%emt 00:00:05]} 4. Bd3 {[%clk 01:31:27]} {[%emt 00:00:06]} Nc6
{[%clk 01:29:27]} {[%emt 00:02:32]} 5. c3 {[%clk 01:31:53]} {[%emt 00:00:04]}
Nf6 {[%clk 01:28:10]} {[%emt 00:01:46]} 6. Bf4 {[%clk 01:32:04]} {[%emt
00:00:20]} e6 {[%clk 01:27:05]} {[%emt 00:01:35]} 7. Nd2 {[%clk 01:31:50]}
{[%emt 00:00:44]} Bd6 {[%clk 01:26:04]} {[%emt 00:01:31]} 8. Bxd6 {[%clk
01:32:14]} {[%emt 00:00:07]} Qxd6 {[%clk 01:26:27]} {[%emt 00:00:06]} 9. Ngf3
{[%clk 01:32:37]} {[%emt 00:00:07]} Rb8 {[%clk 01:26:34]} {[%emt 00:00:24]} 10.
O-O {[%clk 01:32:36]} {[%emt 00:00:31]} O-O {[%clk 01:24:26]} {[%emt 00:02:38]}
11. Re1 {[%clk 01:32:44]} {[%emt 00:00:21]} b5 {[%clk 01:24:03]} {[%emt
00:00:53]} 12. Ne5 {[%clk 01:32:17]} {[%emt 00:00:57]} b4 {[%clk 01:21:38]}
{[%emt 00:02:56]} 13. Re3 {[%clk 01:11:57]} {[%emt 00:20:50]} bxc3 {[%clk
01:17:23]} {[%emt 00:04:45]} 14. bxc3 {[%clk 01:12:18]} {[%emt 00:00:08]} g6
{[%clk 01:07:40]} {[%emt 00:10:12]} 15. h4 {[%clk 01:04:17]} {[%emt 00:08:32]}
Nd7 {[%clk 01:06:34]} {[%emt 00:01:36]} 16. Nxd7 {[%clk 00:54:47]} {[%emt
00:10:00]} Bxd7 {[%clk 01:05:45]} {[%emt 00:01:19]} 17. h5 {[%clk 00:51:22]}
{[%emt 00:03:55]} Rfc8 {[%clk 01:04:39]} {[%emt 00:01:35]} 18. hxg6 {[%clk
00:43:18]} {[%emt 00:08:33]} hxg6 {[%clk 01:04:19]} {[%emt 00:00:48]} 19. Nf3
{[%clk 00:41:58]} {[%emt 00:01:53]} Na5 {[%clk 01:03:05]} {[%emt 00:01:44]} 20.
Qd2 {[%clk 00:40:34]} {[%emt 00:01:54]} Bb5 {[%clk 01:02:16]} {[%emt 00:01:19]}
21. Ne5 {[%clk 00:38:50]} {[%emt 00:02:14]} Bxd3 {[%clk 01:01:43]} {[%emt
00:01:02]} 22. Rxd3 {[%clk 00:31:36]} {[%emt 00:07:45]} Kg7 {[%clk 00:55:04]}
{[%emt 00:07:08]} 23. Rh3 {[%clk 00:24:59]} {[%emt 00:07:08]} Rh8 {[%clk
00:54:49]} {[%emt 00:00:45]} 24. Qf4 {[%clk 00:23:53]} {[%emt 00:01:37]} Qe7
{[%clk 00:51:39]} {[%emt 00:03:39]} 25. Rxh8 {[%clk 00:19:33]} {[%emt
00:04:50]} Rxh8 {[%clk 00:52:04]} 26. Rb1 {[%clk 00:18:59]} {[%emt 00:01:09]}
Rc8 {[%clk 00:52:11]} {[%emt 00:00:23]} 27. Qd2 {[%clk 00:15:04]} {[%emt
00:04:26]} Nc4 {[%clk 00:50:34]} {[%emt 00:02:08]} 28. Nxc4 {[%clk 00:14:26]}
{[%emt 00:01:08]} Rxc4 {[%clk 00:50:57]} {[%emt 00:00:06]} 29. Rb4 {[%clk
00:13:50]} {[%emt 00:01:05]} Rc6 {[%clk 00:49:59]} {[%emt 00:01:28]} 30. Qb2
{[%clk 00:11:59]} {[%emt 00:02:21]} Rc8 {[%clk 00:48:15]} {[%emt 00:02:14]} 31.
Rb7 {[%clk 00:10:41]} {[%emt 00:01:48]} Qh4 {[%clk 00:48:12]} {[%emt 00:00:33]}
32. Rxa7 {[%clk 00:09:42]} {[%emt 00:01:30]} Rh8 {[%emt 00:01:41]} 0-1

[Event "DEM U14 2025"]
[Site "Willingen GER"]
[Date "2025.06.12"]
[Round "7"]
[White "Prashanthakumar, Arju"]
[Black "Krüger, Moritz"]
[Result "1-0"]
[Termination "normal"]
[Board "15"]
[WhiteElo "1809"]
[BlackElo "1785"]
[WhiteClock "00:39:44"]
[BlackClock "00:53:50"]
[PlyCount "45"]
[WhiteFideId "34604065"]
[BlackFideId "34608923"]
[EventCountry "GER"]
[EventRounds "9"]
[EventType "swiss"]
[EventDate "2025.06.07"]

1. e4 {[%clk 01:30:58]} {[%emt 00:00:02]} e6 {[%clk 01:30:26]} {[%emt
00:00:35]} 2. d4 {[%clk 01:31:19]} {[%emt 00:00:08]} d5 {[%clk 01:30:19]}
{[%emt 00:00:37]} 3. Nc3 {[%clk 01:31:29]} {[%emt 00:00:20]} Be7 {[%clk
01:30:10]} {[%emt 00:00:40]} 4. e5 {[%clk 01:26:52]} {[%emt 00:05:06]} c5
{[%clk 01:28:45]} {[%emt 00:01:54]} 5. Nf3 {[%clk 01:25:05]} {[%emt 00:02:17]}
Nc6 {[%clk 01:27:52]} {[%emt 00:01:24]} 6. dxc5 {[%clk 01:20:17]} {[%emt
00:05:18]} Bxc5 {[%clk 01:25:52]} {[%emt 00:02:30]} 7. Bd3 {[%clk 01:19:49]}
{[%emt 00:00:58]} d4 {[%clk 01:22:46]} {[%emt 00:03:36]} 8. Ne4 {[%clk
01:19:10]} {[%emt 00:01:08]} Bb4+ {[%clk 01:21:48]} {[%emt 00:01:28]} 9. Bd2
{[%clk 01:17:04]} {[%emt 00:02:36]} Qb6 {[%clk 01:19:52]} {[%emt 00:02:26]} 10.
O-O {[%clk 01:10:35]} {[%emt 00:06:59]} Bxd2 {[%clk 01:17:51]} {[%emt
00:02:32]} 11. Qxd2 {[%clk 01:10:04]} {[%emt 00:01:00]} Qxb2 {[%clk 01:16:32]}
{[%emt 00:01:48]} 12. Nd6+ {[%clk 00:56:18]} {[%emt 00:14:16]} Kf8 {[%clk
01:14:49]} {[%emt 00:02:13]} 13. Ng5 {[%clk 00:49:08]} {[%emt 00:07:40]} Nxe5
{[%clk 01:10:49]} {[%emt 00:04:30]} 14. Qf4 {[%clk 00:47:25]} {[%emt 00:02:13]}
f6 {[%clk 01:09:34]} {[%emt 00:01:45]} 15. Rae1 {[%clk 00:42:20]} {[%emt
00:05:35]} Nxd3 {[%clk 01:08:12]} {[%emt 00:01:52]} 16. cxd3 {[%clk 00:42:32]}
{[%emt 00:00:19]} Nh6 {[%clk 01:05:57]} {[%emt 00:02:45]} 17. Nxe6+ {[%clk
00:40:46]} {[%emt 00:02:17]} Bxe6 {[%clk 01:03:20]} {[%emt 00:03:07]} 18. Rxe6
{[%clk 00:41:04]} {[%emt 00:00:12]} Nf7 {[%clk 00:57:20]} {[%emt 00:06:30]} 19.
Rfe1 {[%clk 00:39:39]} {[%emt 00:01:55]} Nxd6 {[%clk 00:54:39]} {[%emt
00:03:11]} 20. Qxd6+ {[%clk 00:39:57]} {[%emt 00:00:12]} Kf7 {[%clk 00:54:03]}
{[%emt 00:01:06]} 21. Re7+ {[%clk 00:39:43]} {[%emt 00:00:43]} Kg8 {[%clk
00:53:31]} {[%emt 00:01:02]} 22. Qe6+ {[%clk 00:39:55]} {[%emt 00:00:18]} Kf8
{[%clk 00:53:50]} {[%emt 00:00:11]} 23. Qf7# {[%clk 00:39:44]} {[%emt
00:00:05]} 1-0

[Event "DEM U14 2025"]
[Site "Willingen GER"]
[Date "2025.06.12"]
[Round "7"]
[White "Kalinski, Jan"]
[Black "Schulz, Robin"]
[Result "1-0"]
[Termination "normal"]
[Board "16"]
[WhiteElo "1748"]
[BlackElo "1939"]
[WhiteClock "00:15:56"]
[BlackClock "00:01:22"]
[PlyCount "76"]
[WhiteFideId "34660615"]
[BlackFideId "34641912"]
[EventCountry "GER"]
[EventRounds "9"]
[EventType "swiss"]
[EventDate "2025.06.07"]

1. c4 {[%clk 01:30:59]} {[%emt 00:00:01]} e5 {[%clk 01:30:01]} {[%emt
00:00:59]} 2. g3 {[%clk 01:31:24]} {[%emt 00:00:05]} Nf6 {[%clk 01:30:19]}
{[%emt 00:00:12]} 3. Bg2 {[%clk 01:31:49]} {[%emt 00:00:05]} c6 {[%clk
01:29:55]} {[%emt 00:00:54]} 4. d4 {[%clk 01:29:09]} {[%emt 00:03:09]} exd4
{[%clk 01:29:38]} {[%emt 00:00:48]} 5. Qxd4 {[%clk 01:29:33]} {[%emt 00:00:06]}
Na6 {[%clk 01:29:25]} {[%emt 00:00:43]} 6. Qe3+ {[%clk 01:27:23]} {[%emt
00:02:40]} Be7 {[%clk 01:29:26]} {[%emt 00:00:30]} 7. Nf3 {[%clk 01:27:38]}
{[%emt 00:00:14]} O-O {[%clk 01:29:41]} {[%emt 00:00:15]} 8. O-O {[%clk
01:27:47]} {[%emt 00:00:21]} Re8 {[%clk 01:29:55]} {[%emt 00:00:16]} 9. Qd2
{[%clk 01:27:50]} {[%emt 00:00:27]} Nc5 {[%clk 01:29:38]} {[%emt 00:00:48]} 10.
Nc3 {[%clk 01:27:01]} {[%emt 00:01:19]} a5 {[%clk 01:29:17]} {[%emt 00:00:51]}
11. Qc2 {[%clk 01:22:23]} {[%emt 00:05:06]} d6 {[%clk 01:27:02]} {[%emt
00:02:46]} 12. b3 {[%clk 01:20:22]} {[%emt 00:02:31]} Be6 {[%clk 01:25:06]}
{[%emt 00:02:26]} 13. Nd4 {[%clk 01:16:57]} {[%emt 00:03:54]} Bd7 {[%clk
01:18:28]} {[%emt 00:07:09]} 14. Bb2 {[%clk 01:16:13]} {[%emt 00:01:13]} Qb6
{[%clk 01:18:23]} {[%emt 00:00:37]} 15. Rad1 {[%clk 01:14:28]} {[%emt
00:02:15]} a4 {[%clk 01:13:44]} {[%emt 00:05:10]} 16. Rfe1 {[%clk 01:13:47]}
{[%emt 00:01:10]} Qa5 {[%clk 01:07:06]} {[%emt 00:07:09]} 17. e3 {[%clk
01:11:06]} {[%emt 00:03:11]} a3 {[%clk 01:03:44]} {[%emt 00:03:52]} 18. Bc1
{[%clk 01:07:38]} {[%emt 00:03:57]} Na6 {[%clk 01:01:42]} {[%emt 00:02:33]} 19.
Nb1 {[%clk 01:06:03]} {[%emt 00:02:05]} d5 {[%clk 00:55:27]} {[%emt 00:06:46]}
20. cxd5 {[%clk 01:06:19]} {[%emt 00:00:14]} cxd5 {[%clk 00:51:27]} {[%emt
00:04:30]} 21. Qe2 {[%clk 01:05:19]} {[%emt 00:01:29]} Bb4 {[%clk 00:35:32]}
{[%emt 00:16:25]} 22. Bd2 {[%clk 00:59:59]} {[%emt 00:05:50]} Bxd2 {[%clk
00:35:38]} {[%emt 00:00:24]} 23. Qxd2 {[%clk 00:58:40]} {[%emt 00:01:49]} Qxd2
{[%clk 00:35:21]} {[%emt 00:00:47]} 24. Rxd2 {[%clk 00:58:16]} {[%emt
00:00:55]} Nb4 {[%clk 00:35:35]} {[%emt 00:00:16]} 25. Ne2 {[%clk 00:48:03]}
{[%emt 00:10:43]} Bf5 {[%clk 00:16:24]} {[%emt 00:19:41]} 26. Nbc3 {[%clk
00:45:08]} {[%emt 00:03:24]} Rec8 {[%clk 00:09:36]} {[%emt 00:07:19]} 27. Nxd5
{[%clk 00:28:07]} {[%emt 00:17:31]} Nfxd5 {[%clk 00:06:47]} {[%emt 00:03:19]}
28. Bxd5 {[%clk 00:28:24]} {[%emt 00:00:13]} Rd8 {[%clk 00:02:54]} {[%emt
00:04:24]} 29. Red1 {[%clk 00:26:36]} {[%emt 00:02:17]} Bg4 {[%clk 00:00:56]}
{[%emt 00:02:28]} 30. Bxb7 {[%clk 00:25:47]} {[%emt 00:01:18]} Rxd2 {[%clk
00:01:05]} {[%emt 00:00:22]} 31. Rxd2 {[%clk 00:26:12]} {[%emt 00:00:05]} Rb8
{[%clk 00:01:07]} {[%emt 00:00:28]} 32. f3 {[%clk 00:24:23]} {[%emt 00:02:19]}
Be6 {[%clk 00:01:15]} {[%emt 00:00:22]} 33. Be4 {[%clk 00:22:36]} {[%emt
00:02:15]} Bxb3 {[%clk 00:01:03]} {[%emt 00:00:43]} 34. axb3 {[%clk 00:16:57]}
{[%emt 00:06:09]} a2 {[%clk 00:01:32]} {[%emt 00:00:02]} 35. Rd1 {[%clk
00:17:11]} {[%emt 00:00:16]} Rc8 {[%clk 00:00:53]} {[%emt 00:01:10]} 36. Ra1
{[%clk 00:15:40]} {[%emt 00:02:00]} g6 {[%clk 00:00:56]} {[%emt 00:00:28]} 37.
Nc1 {[%clk 00:15:30]} {[%emt 00:00:38]} f5 {[%clk 00:01:19]} {[%emt 00:00:07]}
38. Nxa2 {[%clk 00:15:56]} {[%emt 00:00:05]} Nxa2 {[%clk 00:01:22]} {[%emt
00:00:27]} 1-0

[Event "DEM U14 2025"]
[Site "Willingen GER"]
[Date "2025.06.12"]
[Round "7"]
[White "Park, Manuel"]
[Black "Savchuk, Alexander"]
[Result "0-1"]
[Termination "normal"]
[Board "17"]
[WhiteElo "1828"]
[BlackElo "1935"]
[WhiteClock "00:24:51"]
[BlackClock "00:03:04"]
[PlyCount "66"]
[WhiteFideId "34629114"]
[BlackFideId "34617434"]
[EventCountry "GER"]
[EventRounds "9"]
[EventType "swiss"]
[EventDate "2025.06.07"]

1. e4 {[%clk 01:30:56]} {[%emt 00:00:03]} c5 {[%clk 01:30:54]} {[%emt
00:00:08]} 2. Nf3 {[%clk 01:31:20]} {[%emt 00:00:05]} d6 {[%clk 01:31:10]}
{[%emt 00:00:14]} 3. Bb5+ {[%clk 01:31:36]} {[%emt 00:00:14]} Bd7 {[%clk
01:31:27]} {[%emt 00:00:14]} 4. Bxd7+ {[%clk 01:31:58]} {[%emt 00:00:07]} Nxd7
{[%clk 01:31:44]} {[%emt 00:00:13]} 5. O-O {[%clk 01:30:50]} {[%emt 00:01:37]}
Ngf6 {[%clk 01:32:03]} {[%emt 00:00:12]} 6. Qe2 {[%clk 01:31:07]} {[%emt
00:00:13]} e6 {[%clk 01:32:17]} {[%emt 00:00:16]} 7. c4 {[%clk 01:30:58]}
{[%emt 00:00:39]} g6 {[%clk 01:30:29]} {[%emt 00:02:18]} 8. Nc3 {[%clk
01:26:05]} {[%emt 00:05:23]} Bg7 {[%clk 01:22:25]} {[%emt 00:08:33]} 9. d4
{[%clk 01:25:37]} {[%emt 00:00:58]} cxd4 {[%clk 01:21:41]} {[%emt 00:01:14]}
10. Nxd4 {[%clk 01:26:00]} {[%emt 00:00:08]} a6 {[%clk 01:21:55]} {[%emt
00:00:16]} 11. Be3 {[%clk 01:26:09]} {[%emt 00:00:21]} O-O {[%clk 01:22:13]}
{[%emt 00:00:12]} 12. Rfd1 {[%clk 01:25:59]} {[%emt 00:00:39]} Rc8 {[%clk
01:21:35]} {[%emt 00:01:09]} 13. Rac1 {[%clk 01:25:55]} {[%emt 00:00:33]} Ne5
{[%clk 01:16:35]} {[%emt 00:05:31]} 14. b3 {[%clk 01:25:03]} {[%emt 00:01:22]}
Qa5 {[%emt 00:10:48]} 15. a4 {[%clk 01:21:26]} Nc6 {[%clk 01:00:30]} {[%emt
00:10:23]} 16. f3 {[%clk 01:14:07]} {[%emt 00:07:49]} Nd7 {[%clk 00:51:14]}
{[%emt 00:09:46]} 17. Nxc6 {[%clk 01:07:03]} {[%emt 00:07:32]} Rxc6 {[%clk
00:51:41]} {[%emt 00:00:05]} 18. Qc2 {[%clk 01:06:53]} {[%emt 00:00:39]} Rfc8
{[%clk 00:50:19]} {[%emt 00:01:52]} 19. Ne2 {[%clk 01:05:35]} {[%emt 00:01:48]}
b5 {[%clk 00:36:40]} {[%emt 00:14:10]} 20. axb5 {[%clk 01:04:58]} {[%emt
00:01:07]} axb5 {[%clk 00:36:57]} {[%emt 00:00:13]} 21. Nd4 {[%clk 01:03:10]}
{[%emt 00:02:18]} R6c7 {[%clk 00:35:44]} {[%emt 00:01:43]} 22. Qe2 {[%clk
00:55:47]} {[%emt 00:07:53]} bxc4 {[%clk 00:34:29]} {[%emt 00:01:47]} 23. bxc4
{[%clk 00:53:03]} {[%emt 00:03:13]} Ne5 {[%clk 00:23:28]} {[%emt 00:11:32]} 24.
Nb5 {[%clk 00:49:56]} {[%emt 00:03:35]} Rxc4 {[%clk 00:23:34]} {[%emt
00:00:25]} 25. Rxc4 {[%clk 00:49:59]} {[%emt 00:00:28]} Nxc4 {[%clk 00:23:35]}
{[%emt 00:00:29]} 26. Nxd6 {[%clk 00:49:52]} {[%emt 00:00:36]} Nxe3 {[%clk
00:20:06]} {[%emt 00:03:59]} 27. Qxe3 {[%clk 00:47:42]} {[%emt 00:02:41]} Qa4
{[%clk 00:20:21]} {[%emt 00:00:15]} 28. Rd2 {[%clk 00:42:59]} {[%emt 00:05:12]}
Rc2 {[%clk 00:05:31]} {[%emt 00:15:21]} 29. Rxc2 {[%clk 00:42:24]} {[%emt
00:01:05]} Bd4 {[%clk 00:05:06]} {[%emt 00:00:55]} 30. Rc8+ {[%clk 00:42:48]}
{[%emt 00:00:06]} Kg7 {[%clk 00:05:08]} {[%emt 00:00:28]} 31. Ne8+ {[%clk
00:43:10]} {[%emt 00:00:07]} Kf8 {[%clk 00:04:54]} {[%emt 00:00:44]} 32. Nd6+
{[%clk 00:24:28]} {[%emt 00:19:12]} Ke7 {[%clk 00:04:45]} {[%emt 00:00:38]} 33.
Re8+ {[%clk 00:24:51]} {[%emt 00:00:08]} Kd7 {[%clk 00:03:04]} 0-1

[Event "DEM U14 2025"]
[Site "Willingen GER"]
[Date "2025.06.12"]
[Round "7"]
[White "Wartenberg, Alexander"]
[Black "Svanidze, Alexander"]
[Result "1/2-1/2"]
[Termination "normal"]
[Board "18"]
[WhiteElo "1840"]
[BlackElo "1720"]
[WhiteClock "00:00:35"]
[BlackClock "00:02:50"]
[PlyCount "84"]
[WhiteFideId "16280768"]
[BlackFideId "34623469"]
[EventCountry "GER"]
[EventRounds "9"]
[EventType "swiss"]
[EventDate "2025.06.07"]

1. e4 {[%clk 01:30:58]} {[%emt 00:00:01]} e5 {[%clk 01:30:57]} {[%emt
00:00:04]} 2. Nf3 {[%clk 01:31:22]} {[%emt 00:00:06]} Nc6 {[%clk 01:31:23]}
{[%emt 00:00:03]} 3. d4 {[%clk 01:31:51]} {[%emt 00:00:02]} exd4 {[%clk
01:31:49]} {[%emt 00:00:05]} 4. Nxd4 {[%clk 01:32:11]} {[%emt 00:00:09]} Qf6
{[%clk 01:32:15]} {[%emt 00:00:04]} 5. Be3 {[%clk 01:30:03]} {[%emt 00:02:38]}
Bc5 {[%clk 01:32:21]} {[%emt 00:00:24]} 6. c3 {[%clk 01:30:27]} {[%emt
00:00:06]} Nge7 {[%clk 01:32:36]} {[%emt 00:00:14]} 7. Bc4 {[%clk 01:30:30]}
{[%emt 00:00:27]} Ne5 {[%clk 01:27:42]} {[%emt 00:05:24]} 8. Bb3 {[%clk
01:27:06]} {[%emt 00:03:55]} d6 {[%clk 01:23:25]} {[%emt 00:04:47]} 9. O-O
{[%clk 01:21:01]} {[%emt 00:06:35]} Qg6 {[%clk 01:17:34]} {[%emt 00:06:20]} 10.
f3 {[%clk 01:16:52]} {[%emt 00:04:40]} O-O {[%clk 01:13:11]} {[%emt 00:04:52]}
11. Kh1 {[%clk 01:13:45]} {[%emt 00:03:37]} Bd7 {[%clk 01:08:19]} {[%emt
00:05:23]} 12. Qe2 {[%clk 01:05:10]} {[%emt 00:09:05]} Qh5 {[%clk 00:56:14]}
{[%emt 00:12:34]} 13. Nd2 {[%clk 00:49:33]} {[%emt 00:16:07]} Kh8 {[%clk
00:44:27]} {[%emt 00:12:17]} 14. Bc2 {[%clk 00:39:47]} {[%emt 00:10:17]} Rae8
{[%clk 00:36:40]} {[%emt 00:08:17]} 15. Bg1 {[%clk 00:34:19]} {[%emt 00:05:58]}
f5 {[%clk 00:21:42]} {[%emt 00:15:27]} 16. exf5 {[%clk 00:20:14]} {[%emt
00:14:35]} Bxd4 {[%clk 00:11:30]} {[%emt 00:10:42]} 17. cxd4 {[%clk 00:17:30]}
{[%emt 00:03:14]} N5c6 {[%clk 00:07:03]} {[%emt 00:04:57]} 18. g4 {[%clk
00:16:23]} {[%emt 00:01:37]} Qh3 {[%clk 00:06:45]} {[%emt 00:00:48]} 19. Qg2
{[%clk 00:14:22]} {[%emt 00:02:31]} Qh4 {[%clk 00:05:29]} {[%emt 00:01:45]} 20.
Bb3 {[%clk 00:09:14]} {[%emt 00:05:39]} g6 {[%clk 00:00:35]} {[%emt 00:05:24]}
21. fxg6 {[%clk 00:07:43]} {[%emt 00:02:01]} Nxg6 {[%clk 00:01:00]} {[%emt
00:00:06]} 22. Qg3 {[%clk 00:07:17]} {[%emt 00:00:55]} Qh6 {[%clk 00:01:17]}
{[%emt 00:00:12]} 23. Ne4 {[%clk 00:07:06]} {[%emt 00:00:41]} Qg7 {[%clk
00:01:26]} {[%emt 00:00:21]} 24. Rad1 {[%clk 00:05:04]} {[%emt 00:02:33]} Nf4
{[%clk 00:01:43]} {[%emt 00:00:13]} 25. Be3 {[%clk 00:04:12]} {[%emt 00:01:23]}
Ne2 {[%clk 00:01:56]} {[%emt 00:00:16]} 26. Qf2 {[%clk 00:03:36]} {[%emt
00:01:06]} Nf4 {[%clk 00:01:43]} {[%emt 00:00:42]} 27. Bxf4 {[%clk 00:03:47]}
{[%emt 00:00:19]} Rxf4 {[%clk 00:02:06]} {[%emt 00:00:07]} 28. Qg3 {[%clk
00:02:53]} {[%emt 00:01:24]} Ref8 {[%clk 00:02:24]} {[%emt 00:00:12]} 29. Ba4
{[%clk 00:00:56]} {[%emt 00:02:29]} Bxg4 {[%clk 00:01:22]} {[%emt 00:01:30]}
30. Nd2 {[%clk 00:01:05]} {[%emt 00:00:21]} Bh5 {[%clk 00:01:07]} {[%emt
00:00:45]} 31. Bxc6 {[%clk 00:00:46]} {[%emt 00:00:49]} bxc6 {[%clk 00:01:33]}
{[%emt 00:00:04]} 32. Qxg7+ {[%clk 00:00:39]} {[%emt 00:00:38]} Kxg7 {[%clk
00:01:56]} {[%emt 00:00:06]} 33. Rde1 {[%clk 00:00:32]} {[%emt 00:00:37]} Bxf3+
{[%clk 00:02:05]} {[%emt 00:00:21]} 34. Nxf3 {[%clk 00:00:51]} {[%emt
00:00:11]} Rxf3 {[%clk 00:02:30]} {[%emt 00:00:05]} 35. Re7+ {[%clk 00:00:38]}
{[%emt 00:00:44]} R8f7 {[%clk 00:02:36]} {[%emt 00:00:23]} 36. Rxf3 {[%clk
00:00:41]} {[%emt 00:00:26]} Rxe7 {[%clk 00:02:57]} {[%emt 00:00:09]} 37. Ra3
{[%clk 00:00:37]} {[%emt 00:00:35]} Re1+ {[%clk 00:02:48]} {[%emt 00:00:39]}
38. Kg2 {[%clk 00:01:01]} {[%emt 00:00:05]} Re2+ {[%clk 00:03:12]} {[%emt
00:00:06]} 39. Kg3 {[%clk 00:01:14]} {[%emt 00:00:17]} Rxb2 {[%clk 00:01:59]}
{[%emt 00:01:44]} 40. Rxa7 {[%clk 00:01:35]} {[%emt 00:00:09]} Rd2 {[%clk
00:02:03]} {[%emt 00:00:25]} 41. Rxc7+ {[%clk 00:01:20]} {[%emt 00:00:45]} Kg6
{[%clk 00:02:28]} {[%emt 00:00:06]} 42. Rxc6 {[%clk 00:00:35]} {[%emt
00:01:14]} Rxd4 {[%clk 00:02:50]} {[%emt 00:00:09]} 1/2-1/2

[Event "DEM U14 2025"]
[Site "Willingen GER"]
[Date "2025.06.12"]
[Round "7"]
[White "Jahn, Gustav"]
[Black "Vakeel, Eshwar"]
[Result "1-0"]
[Termination "normal"]
[Board "19"]
[WhiteElo "1983"]
[BlackElo "1720"]
[WhiteClock "00:55:04"]
[BlackClock "00:31:52"]
[PlyCount "75"]
[WhiteFideId "34666605"]
[BlackFideId "34626514"]
[EventCountry "GER"]
[EventRounds "9"]
[EventType "swiss"]
[EventDate "2025.06.07"]

1. e4 {[%clk 01:30:57]} {[%emt 00:00:02]} c6 {[%clk 01:30:55]} {[%emt
00:00:06]} 2. Nc3 {[%clk 01:31:21]} {[%emt 00:00:06]} d5 {[%clk 01:31:05]}
{[%emt 00:00:19]} 3. Nf3 {[%clk 01:31:46]} {[%emt 00:00:05]} dxe4 {[%clk
01:31:12]} {[%emt 00:00:24]} 4. Nxe4 {[%clk 01:32:06]} {[%emt 00:00:09]} Nf6
{[%clk 01:31:35]} {[%emt 00:00:07]} 5. Qe2 {[%clk 01:32:29]} {[%emt 00:00:07]}
Nxe4 {[%clk 01:31:32]} {[%emt 00:00:33]} 6. Qxe4 {[%clk 01:32:48]} {[%emt
00:00:10]} Qd5 {[%clk 01:22:16]} {[%emt 00:09:47]} 7. Qh4 {[%clk 01:33:07]}
{[%emt 00:00:10]} Bf5 {[%clk 01:17:30]} {[%emt 00:05:17]} 8. Bc4 {[%clk
01:32:07]} {[%emt 00:01:30]} Qe4+ {[%clk 01:17:39]} {[%emt 00:00:21]} 9. Qxe4
{[%clk 01:32:30]} {[%emt 00:00:07]} Bxe4 {[%clk 01:18:04]} {[%emt 00:00:05]}
10. Bxf7+ {[%clk 01:32:40]} {[%emt 00:00:19]} Kxf7 {[%clk 01:18:11]} {[%emt
00:00:23]} 11. Ng5+ {[%clk 01:33:04]} {[%emt 00:00:06]} Ke8 {[%clk 01:18:05]}
{[%emt 00:00:37]} 12. Nxe4 {[%clk 01:33:30]} {[%emt 00:00:05]} Nd7 {[%clk
01:18:31]} {[%emt 00:00:04]} 13. d4 {[%clk 01:33:48]} {[%emt 00:00:11]} Nf6
{[%clk 01:18:03]} {[%emt 00:00:58]} 14. Nc5 {[%clk 01:31:58]} {[%emt 00:02:20]}
b6 {[%clk 01:16:49]} {[%emt 00:01:44]} 15. Ne6 {[%clk 01:32:22]} {[%emt
00:00:06]} Kf7 {[%clk 01:16:58]} {[%emt 00:00:21]} 16. Nxf8 {[%clk 01:32:39]}
{[%emt 00:00:12]} Rhxf8 {[%clk 01:17:21]} {[%emt 00:00:07]} 17. Bf4 {[%clk
01:30:46]} {[%emt 00:02:23]} Rad8 {[%clk 01:16:31]} {[%emt 00:01:21]} 18. O-O-O
{[%clk 01:30:12]} {[%emt 00:01:03]} Kg8 {[%clk 01:15:21]} {[%emt 00:01:40]} 19.
f3 {[%clk 01:29:56]} {[%emt 00:00:45]} h6 {[%clk 01:15:25]} {[%emt 00:00:27]}
20. Rhe1 {[%clk 01:29:56]} {[%emt 00:00:29]} b5 {[%clk 01:13:50]} {[%emt
00:02:05]} 21. Re6 {[%clk 01:28:12]} {[%emt 00:02:14]} Rc8 {[%clk 01:04:54]}
{[%emt 00:09:27]} 22. Rde1 {[%clk 01:25:59]} {[%emt 00:02:42]} Nd5 {[%clk
01:04:34]} {[%emt 00:00:50]} 23. Bg3 {[%clk 01:24:51]} {[%emt 00:01:37]} Rf6
{[%clk 01:02:34]} {[%emt 00:02:30]} 24. R6e5 {[%clk 01:20:42]} {[%emt
00:04:39]} a6 {[%clk 01:01:20]} {[%emt 00:01:45]} 25. Bh4 {[%clk 01:20:18]}
{[%emt 00:00:53]} g5 {[%clk 01:01:43]} {[%emt 00:00:08]} 26. Bg3 {[%clk
01:20:20]} {[%emt 00:00:27]} Kf7 {[%clk 00:59:23]} {[%emt 00:02:50]} 27. h4
{[%clk 01:20:10]} {[%emt 00:00:41]} Rg8 {[%clk 00:59:29]} {[%emt 00:00:26]} 28.
hxg5 {[%clk 01:19:34]} {[%emt 00:01:05]} hxg5 {[%clk 00:59:32]} {[%emt
00:00:27]} 29. R1e4 {[%clk 01:16:59]} {[%emt 00:03:04]} e6 {[%clk 00:55:04]}
{[%emt 00:04:59]} 30. c3 {[%clk 01:15:25]} {[%emt 00:02:04]} Rh8 {[%clk
00:54:55]} {[%emt 00:00:40]} 31. Rxg5 {[%clk 01:15:18]} {[%emt 00:00:36]} Rh1+
{[%clk 00:55:14]} {[%emt 00:00:11]} 32. Re1 {[%clk 01:14:18]} {[%emt 00:01:30]}
Rfh6 {[%clk 00:55:13]} {[%emt 00:00:31]} 33. Kd2 {[%clk 01:12:37]} {[%emt
00:02:10]} Rxe1 {[%clk 00:54:34]} {[%emt 00:01:09]} 34. Bxe1 {[%clk 01:12:57]}
{[%emt 00:00:10]} Rh2 {[%clk 00:54:38]} {[%emt 00:00:26]} 35. Rg4 {[%clk
01:11:55]} {[%emt 00:01:32]} Nf6 {[%clk 00:54:54]} {[%emt 00:00:15]} 36. Rg5
{[%clk 01:08:43]} {[%emt 00:03:41]} Nd5 {[%clk 00:55:04]} {[%emt 00:00:20]} 37.
Kc2 {[%clk 00:57:31]} {[%emt 00:11:43]} Kf6 {[%clk 00:31:52]} {[%emt 00:23:42]}
38. Bd2 {[%clk 00:55:04]} 1-0